[Event "Fremont Weibel Quads 2"]
[Site "Fremont"]
[Date "2005.07.17"]
[Round "1"]
[White "Lin, Sally"]
[Black "Siu, Howard"]
[Result "1-0"]
[WhiteElo "1038"]
[BlackElo "1004"]
[PlyCount "101"]
[EventDate "2005.07.16"]
[EventType "swiss"]
[EventRounds "3"]
[EventCountry "USA"]
[SourceTitle "EXT 2009"]
[Source "ChessBase"]
[SourceDate "2008.11.26"]
[SourceVersion "1"]
[SourceVersionDate "2008.11.26"]
[SourceQuality "1"]

1. e4 e5 2. d4 exd4 3. c3 dxc3 4. Bc4 Nf6 5. Nxc3 d6 6. Nf3 Nc6 7. 0-0 Be6 8. Bxe6 fxe6 9. Bg5 Be7 10. Qb3 h6 11. Qxb7 0-0 12. Bxf6 Bxf6 13. Qxc6 Rb8 14. b3 Qe8 15. Qxe8 Rfxe8 16. Rac1 Rb4 17. Rfe1 e5 18. Nd5 Rbb8 19. Nxf6+ gxf6 20. Rxc7 a5 21. Rd1 Rbc8 22. Rxc8 Rxc8 23. h3 Rd8 24. a3 Kf7 25. b4 axb4 26. axb4 Ke6 27. Kh2 Rb8 28. Rb1 f5 29. exf5+ Kxf5 30. g4+ Kf6 31. Nh4 Kg5 32. Kg3 h5 33. f3 d5 34. b5 d4 35. Rb3 d3 36. Rxd3 Rxb5 37. Rd8 hxg4 38. hxg4 e4 39. fxe4 Re5 40. Nf3+ Kf6 41. Nxe5 Kxe5 42. g5 Ke6 43. Kf4 Ke7 44. Rd5 Kf7 45. Kf5 Kf8 46. Rd6 Kf7 47. Rd7+ Ke8 48. Ra7 Kf8 49. Kf6 Kg8 50. Kg6 Kh8 51. Ra8# 1-0